MARC details
| 000 -CABECERA |
| campo de control de longitud fija |
01101nam a2200289 u 4500 |
| 001 - NÚMERO DE CONTROL |
| campo de control |
000011431 |
| 005 - FECHA Y HORA DE LA ÚLTIMA TRANSACCIÓN |
| campo de control |
20200929162441.0 |
| 008 - DATOS DE LONGITUD FIJA--INFORMACIÓN GENERAL |
| campo de control de longitud fija |
091017r19961996mx 001 0 spa d |
| 020 ## - NÚMERO INTERNACIONAL ESTÁNDAR DEL LIBRO |
| Número Internacional Estándar del Libro |
9681600673 |
| 040 ## - FUENTE DE LA CATALOGACIÓN |
| Centro catalogador/agencia de origen |
DO-SdBNP |
| Lengua de catalogación |
spa |
| Centro/agencia transcriptor |
BNPHU |
| 041 17 - CÓDIGO DE LENGUA |
| Código de lengua del texto/banda sonora o título independiente |
spa |
| Código de lengua original |
fre |
| Fuente del código |
Código de idioma MARC |
| 082 ## - NÚMERO DE LA CLASIFICACIÓN DECIMAL DEWEY |
| Número de clasificación |
907.2 |
| Número de documento/Ítem |
B651i, 1996 |
| 049 ## - FONDOS LOCALES (OCLC) |
| Fondos de biblioteca |
BNGR |
| 100 1# - ENTRADA PRINCIPAL--NOMBRE DE PERSONA |
| Nombre de persona |
Bloch, Marc, |
| Fechas asociadas al nombre |
1986-1944. |
| 9 (RLIN) |
27107 |
| 240 10 - TÍTULO UNIFORME |
| Título uniforme |
Apogie pour l'histoire ou métier d'historien, |
| Fecha de la firma de un tratado |
1949, |
| Lenguaje de la obra |
spa. |
| 245 10 - MENCIÓN DE TÍTULO |
| Título |
Introducción a la historia / |
| Mención de responsabilidad, etc. |
Marc Bloch. |
| 250 ## - MENCIÓN DE EDICIÓN |
| Mención de edición |
2a ed., 2a reimpr. |
| 260 ## - PUBLICACIÓN, DISTRIBUCIÓN, ETC. |
| Lugar de publicación, distribución, etc. |
México, D. F. : |
| Nombre del editor, distribuidor, etc. |
Fondo de Cultura Económica, |
| Fecha de publicación, distribución, etc. |
1996. |
| 300 ## - DESCRIPCIÓN FÍSICA |
| Extensión |
159 p. ; |
| Dimensiones |
17 cm. |
| 490 1# - MENCIÓN DE SERIE |
| Mención de serie |
Brevarios |
| Designación de volumen o secuencia |
64 |
| 500 ## - NOTA GENERAL |
| Nota general |
La biblioteca posee la 2a reimpr. de la 2a ed. en español de 1994. |
| 500 ## - NOTA GENERAL |
| Nota general |
Incluye notas al pie de las páginas. |
| 534 ## - NOTA SOBRE LA VERSIÓN ORIGINAL |
| Frase introductoria |
Título original en francés: |
| Mención de título del original |
Apogie pour l'histoire ou métier d'historien |
| Publicación, distribución, etc. del original |
París : Librairie Armand Colin, 1949. |
| 650 #4 - PUNTO DE ACCESO ADICIONAL DE MATERIA--TÉRMINO DE MATERIA |
| Término de materia o nombre geográfico como elemento de entrada |
Historia investigaciones |
| Subdivisión general |
Investigaciones |
| 9 (RLIN) |
27108 |
| 650 #4 - PUNTO DE ACCESO ADICIONAL DE MATERIA--TÉRMINO DE MATERIA |
| Término de materia o nombre geográfico como elemento de entrada |
Historiografía |
| Subdivisión general |
Historia |
| 9 (RLIN) |
27096 |
| 830 #0 - PUNTO DE ACCESO ADICIONAL DE SERIE-TÍTULO UNIFORME |
| Título uniforme |
Brevarios |
| Designación de volumen o secuencia |
64 |
| 9 (RLIN) |
14231 |